[Event "25th Abu Dhabi Master 2018"]
[Site "Abu Dhabi"]
[Date "2018.08.07"]
[Round "1"]
[White "Wagh, Suyog"]
[Black "Priyanka, Kumari"]
[Result "0-1"]
[WhiteElo "2356"]
[BlackElo "2005"]
[Annotator "NA"]
[PlyCount "92"]
[EventDate "2018.08.05"]
[EventType "swiss"]
[EventCountry "UAE"]
[SourceTitle "playchess.com"]
[Source "ChessBase"]
[SourceQuality "1"]
[TimeControl "5400+30"]

1. d4 {[%emt 0:00:00]} Nf6 {[%emt 0:00:12]} 2. c4 {[%emt 0:00:00]} g6 {[%emt 0:00:07]} 3. g3 {[%emt 0:00:04]} Bg7 {[%emt 0:00:07]} 4. Bg2 {[%emt 0:00:05]} d6 {[%emt 0:00:10]} 5. Nf3 {[%emt 0:01:13]} O-O {[%emt 0:00:09]} 6. Nc3 {[%emt 0:00:11]} Nbd7 {[%emt 0:01:53]} 7. O-O {[%emt 0:00:20]} e5 {[%emt 0:00:36]} 8. e4 {[%emt 0:00:20]} c6 {[%emt 0:01:00]} 9. Re1 {[%emt 0:02:30]} Re8 {[%emt 0:01:29]} 10. h3 {[%emt 0:01:35]} a6 11. a4 exd4 {[%emt 0:12:18]} 12. Nxd4 {[%emt 0:10:43]} a5 {[%emt 0:01:57]} 13. Be3 {[%emt 0:05:28]} Nc5 {[%emt 0:03:36]} 14. Qc2 {[%emt 0:00:43]} Qc7 {[%emt 0:03:13]} 15. Rad1 {[%emt 0:01:18]} Bd7 {[%emt 0:01:12]} 16. Rd2 {[%emt 0:13:51]} Rad8 {[%emt 0:03:49]} 17. Red1 {[%emt 0:01:10]} Bc8 {[%emt 0:20:19]} 18. f3 {[%emt 0:23:12]} Bf8 19. Bf2 {[%emt 0:02:25]} Ne6 {[%emt 0:14:33]} 20. Nde2 {[%emt 0:04:45]} h5 {[%emt 0:07:13]} 21. Be3 Nd7 22. f4 {[%emt 0:13:42]} Nec5 {[%emt 0:08:59]} 23. Bf2 {[%emt 0:05:09]} Qb6 {[%emt 0:06:13]} 24. e5 {[%emt 0:04:11]} dxe5 {[%emt 0:05:47]} 25. f5 {[%emt 0:00:15]} Qb3 {[%emt 0:01:55]} 26. Qb1 {[%emt 0:05:39]} Kg7 {[%emt 0:01:26]} 27. fxg6 {[%emt 0:01:10]} fxg6 {[%emt 0:00:26]} 28. Ne4 {[%emt 0:01:08]} Nxe4 {[%emt 0:02:11]} 29. Bxe4 {[%emt 0:00:07]} Re6 {[%emt 0:00:51]} 30. Nc3 {[%emt 0:01:33]} Qxc4 {[%emt 0:01:30]} 31. Kg2 {[%emt 0:01:17]} Qb4 {[%emt 0:00:44]} 32. Qa2 {[%emt 0:00:33]} Qe7 {[%emt 0:01:25]} 33. Bb6 {[%emt 0:01:18]} Re8 {[%emt 0:00:08]} 34. Be3 {[%emt 0:00:30]} Nf6 {[%emt 0:00:42]} 35. Bc2 {[%emt 0:00:07]} Qc7 {[%emt 0:00:34]} 36. Qb1 {[%emt 0:00:50]} Nd7 {[%emt 0:00:38]} 37. Ne4 {[%emt 0:00:35]} Nb6 {[%emt 0:00:34]} 38. Bb3 {[%emt 0:00:27]} R6e7 {[%emt 0:00:23]} 39. Bg5 {[%emt 0:00:10]} Rd7 {[%emt 0:00:27]} 40. Bf6+ {[%emt 0:00:14]} Kh7 {[%emt 0:00:26]} 41. Ng5+ {[%emt 0:01:10]} Kh6 {[%emt 0:00:04]} 42. Qc1 {[%emt 0:00:05]} Rxd2+ {[%emt 0:01:09]} 43. Qxd2 {[%emt 0:00:08]} Qd7 {[%emt 0:00:11]} 44. Bg8 Qxd2+ {[%emt 0:00:34]} 45. Rxd2 {[%emt 0:01:13]} Re7 {[%emt 0:00:18]} 46. Rd8 {[%emt 0:00:52]} Nd7 0-1

[Event "25th Abu Dhabi Master 2018"]
[Site "Abu Dhabi"]
[Date "2018.08.07"]
[Round "1"]
[White "Rapport, Jovana"]
[Black "Salonika, Saina"]
[Result "1/2-1/2"]
[WhiteElo "2354"]
[BlackElo "2069"]
[Annotator "NA"]
[PlyCount "68"]
[EventDate "2018.08.05"]
[EventType "swiss"]
[EventCountry "UAE"]
[SourceTitle "playchess.com"]
[Source "ChessBase"]
[SourceQuality "1"]
[TimeControl "5400+30"]

1. d4 {[%emt 0:00:00]} Nf6 {[%emt 0:00:00]} 2. Nf3 {[%emt 0:00:00]} g6 {[%emt 0:00:00]} 3. g3 {[%emt 0:00:00]} Bg7 {[%emt 0:00:00]} 4. Bg2 {[%emt 0:00:00]} O-O {[%emt 0:00:05]} 5. O-O {[%emt 0:00:00]} c5 {[%emt 0:05:24]} 6. dxc5 {[%emt 0:03:43]} Na6 {[%emt 0:03:58]} 7. Be3 {[%emt 0:00:25]} Qc7 {[%emt 0:05:41]} 8. Nc3 {[%emt 0:08:38]} Nxc5 {[%emt 0:05:14]} 9. Nb5 {[%emt 0:01:29]} Qc6 {[%emt 0:05:01]} 10. Nfd4 {[%emt 0:04:29]} Qb6 {[%emt 0:01:41]} 11. a4 {[%emt 0:01:38]} Ng4 {[%emt 0:05:36]} 12. Bg5 {[%emt 0:01:55]} Qd8 {[%emt 0:04:39]} 13. b4 {[%emt 0:05:03]} Na6 {[%emt 0:04:36]} 14. h3 {[%emt 0:00:15]} h6 {[%emt 0:02:44]} 15. Bd2 {[%emt 0:03:37]} Ne5 {[%emt 0:03:46]} 16. Rb1 {[%emt 0:01:30]} Nc7 {[%emt 0:03:30]} 17. Qc1 {[%emt 0:01:49]} Kh7 {[%emt 0:04:20]} 18. c4 {[%emt 0:01:40]} d6 {[%emt 0:06:55]} 19. Nxc7 {[%emt 0:09:52]} Qxc7 {[%emt 0:00:06]} 20. c5 {[%emt 0:00:02]} a6 {[%emt 0:11:52]} 21. Qc2 {[%emt 0:05:49]} Bd7 {[%emt 0:02:22]} 22. Rfc1 {[%emt 0:00:08]} Rac8 {[%emt 0:01:09]} 23. Qb3 {[%emt 0:02:03]} Nc6 {[%emt 0:02:30]} 24. Nc2 {[%emt 0:02:26]} Be6 {[%emt 0:00:42]} 25. Qa3 {[%emt 0:00:07]} Qd7 {[%emt 0:03:52]} 26. cxd6 {[%emt 0:01:59]} Bxh3 {[%emt 0:02:04]} 27. Bxh3 {[%emt 0:01:27]} Qxh3 {[%emt 0:00:07]} 28. dxe7 {[%emt 0:00:05]} Nxe7 {[%emt 0:00:14]} 29. Ne1 {[%emt 0:01:59]} Nf5 {[%emt 0:02:36]} 30. Rxc8 {[%emt 0:02:59]} Rxc8 {[%emt 0:00:04]} 31. Qd3 {[%emt 0:00:36]} Nd4 {[%emt 0:02:45]} 32. e3 {[%emt 0:00:43]} Ne6 {[%emt 0:00:52]} 33. Qe4 {[%emt 0:01:58]} Ng5 {[%emt 0:00:58]} 34. Qd5 {[%emt 0:06:32]} Rc7 {[%emt 0:00:21]} 1/2-1/2

[Event "25th Abu Dhabi Master 2018"]
[Site "Abu Dhabi"]
[Date "2018.08.07"]
[Round "1"]
[White "Tokhirjonova, Gulrukhbegim"]
[Black "Polakhare, Aryan"]
[Result "0-1"]
[WhiteElo "2350"]
[BlackElo "1957"]
[Annotator "NA"]
[PlyCount "98"]
[EventDate "2018.08.05"]
[EventType "swiss"]
[EventCountry "UAE"]
[SourceTitle "playchess.com"]
[Source "ChessBase"]
[SourceQuality "1"]
[TimeControl "5400+30"]

1. e4 {[%emt 0:00:00]} c5 {[%emt 0:00:00]} 2. Nf3 {[%emt 0:00:25]} e6 {[%emt 0:00:00]} 3. d4 {[%emt 0:00:20]} cxd4 {[%emt 0:00:00]} 4. Nxd4 {[%emt 0:00:08]} a6 {[%emt 0:00:00]} 5. c4 {[%emt 0:01:23]} d5 {[%emt 0:00:14]} 6. exd5 {[%emt 0:07:03]} exd5 {[%emt 0:00:16]} 7. Nc3 {[%emt 0:00:11]} Nf6 {[%emt 0:01:04]} 8. Bg5 {[%emt 0:03:13]} dxc4 {[%emt 0:02:49]} 9. Bxc4 {[%emt 0:01:55]} Be7 {[%emt 0:00:52]} 10. O-O {[%emt 0:03:19]} O-O {[%emt 0:00:31]} 11. Re1 {[%emt 0:01:41]} b5 {[%emt 0:06:58]} 12. Qf3 {[%emt 0:24:57]} Ra7 {[%emt 0:02:36]} 13. Bb3 {[%emt 0:06:12]} Qxd4 {[%emt 0:08:45]} 14. Be3 {[%emt 0:00:16]} Qd7 {[%emt 0:00:14]} 15. Rad1 {[%emt 0:00:20]} Qc7 {[%emt 0:03:48]} 16. Bxa7 {[%emt 0:06:12]} Qxa7 {[%emt 0:04:46]} 17. h3 {[%emt 0:00:13]} Bc5 {[%emt 0:01:37]} 18. Ne4 {[%emt 0:07:54]} Nxe4 {[%emt 0:04:27]} 19. Rxe4 {[%emt 0:00:09]} Nd7 {[%emt 0:06:11]} 20. Re8 {[%emt 0:08:26]} Nf6 {[%emt 0:02:17]} 21. Rxf8+ {[%emt 0:00:24]} Bxf8 {[%emt 0:00:12]} 22. Qf4 {[%emt 0:01:09]} Qb6 {[%emt 0:01:11]} 23. Rc1 {[%emt 0:02:49]} Be6 {[%emt 0:06:56]} 24. Bxe6 {[%emt 0:05:09]} Qxe6 {[%emt 0:00:39]} 25. b3 {[%emt 0:02:15]} h6 {[%emt 0:00:39]} 26. Qb8 {[%emt 0:01:17]} Nd7 {[%emt 0:01:24]} 27. Qc8 {[%emt 0:00:12]} a5 {[%emt 0:08:12]} 28. Qa8 {[%emt 0:02:52]} a4 {[%emt 0:04:35]} 29. bxa4 {[%emt 0:00:50]} Nb6 {[%emt 0:02:09]} 30. Qa5 {[%emt 0:07:45]} bxa4 {[%emt 0:08:38]} 31. Rb1 {[%emt 0:00:07]} Nd5 {[%emt 0:00:51]} 32. Rb8 {[%emt 0:00:16]} Nf6 {[%emt 0:06:23]} 33. Rd8 {[%emt 0:01:20]} Qxa2 {[%emt 0:02:25]} 34. Qc5 {[%emt 0:03:11]} Nh7 {[%emt 0:00:13]} 35. Ra8 {[%emt 0:01:00]} a3 {[%emt 0:00:27]} 36. Kh2 {[%emt 0:01:54]} Qb2 {[%emt 0:00:36]} 37. f4 {[%emt 0:01:03]} g6 {[%emt 0:02:28]} 38. Qc4 {[%emt 0:00:35]} Kg7 {[%emt 0:01:42]} 39. Ra7 {[%emt 0:00:27]} Qf6 {[%emt 0:00:11]} 40. Ra6 {[%emt 0:00:33]} Qe7 {[%emt 0:01:55]} 41. Qd4+ {[%emt 0:00:04]} Kg8 {[%emt 0:00:09]} 42. Qc3 {[%emt 0:00:55]} Qe4 {[%emt 0:00:33]} 43. Qc7 {[%emt 0:00:24]} Qd5 {[%emt 0:01:02]} 44. Qc2 {[%emt 0:00:16]} Bd6 {[%emt 0:02:32]} 45. Ra4 {[%emt 0:00:22]} Nf6 {[%emt 0:00:51]} 46. Qc8+ {[%emt 0:00:24]} Kg7 {[%emt 0:00:04]} 47. Qc3 {[%emt 0:00:24]} g5 {[%emt 0:02:00]} 48. Rd4 {[%emt 0:01:10]} Bxf4+ {[%emt 0:01:22]} 49. Kg1 {[%emt 0:00:13]} Be5 {[%emt 0:00:55]} 0-1

[Event "25th Abu Dhabi Master 2018"]
[Site "Abu Dhabi"]
[Date "2018.08.07"]
[Round "1"]
[White "Rathanvel, VS."]
[Black "Le, Quang Liem"]
[Result "1-0"]
[WhiteElo "2348"]
[BlackElo "2727"]
[Annotator "TA"]
[PlyCount "117"]
[EventDate "2018.08.05"]
[EventType "swiss"]
[EventCountry "UAE"]
[SourceTitle "playchess.com"]
[Source "ChessBase"]
[SourceQuality "1"]

{[%evp 23,117,0,5,0,0,-3,22,-29,59,63,56,52,120,72,72,92,91,87,99,93,136,126,136,89,106,0,141,70,127,82,141,132,128,118,142,133,135,141,171,172,175,160,197,186,213,200,226,209,228,168,145,152,118,128,165,170,168,166,326,309,733,728,725,719,718,713,703,676,697,689,632,624,893,893,877,889,808,0,633,0,855,860,822,820,806,789,1991,1906,29993,5418,6023,2389,29993,29994,29994,29995]} 1. e4 c6 2. d4 d5 3. e5 Bf5 4. Nf3 e6 5. Be2 Ne7 6. O-O c5 7. c4 Nbc6 8. Na3 {B12: Caro-Kann: Advance Variation} (8. dxc5 d4 9. Qb3 Qc7 10. Na3 a6 11. Rd1 Rd8 12. Nc2 Bxc2 13. Qxc2 Ng6 14. a3 Bxc5 15. b4 Ba7 {0-1 (55) Vachier Lagrave,M (2789)-Anand,V (2759) Leuven 2018}) 8... a6 9. dxc5 d4 10. Qa4 Ng6 11. Rd1 Bxc5 12. b4 Ba7 $1 {LiveBook: 4 Games} 13. c5 {Black must now prevent Nxd4.} O-O 14. Nc4 d3 {[#] And now ...Nd4 would win.} 15. Bf1 $146 (15. Bg5 $142 f6 16. exf6 gxf6 17. Bh6) ({Predecessor:} 15. Bg5 Qd7 {½-½ (26) Sasikiran,K (2674)-Tari,A (2596) Moscow 2017}) 15... Nd4 (15... Be4 $11 16. Ng5 Bf5) 16. Nxd4 $1 $14 Qxd4 17. Qb3 $1 Bg4 ({Better is} 17... Nxe5 $14 18. Nxe5 Qxe5) 18. Bb2 Bxd1 19. Rxd1 ({Reject} 19. Bxd4 Bxb3 20. axb3 f6 $15) 19... Qg4 20. Rxd3 (20. Bxd3 Nf4 $11) 20... Rad8 21. Nd6 {[%mdl 1024] White has strong compensation.} Rd7 22. Rg3 Qf4 23. Rf3 Qg5 24. Rg3 (24. Re3 $16) 24... Qe7 (24... Qf4 $1 $11) 25. Bc4 ({White should try} 25. Bd4 $16) 25... Bb8 (25... b6 $14) 26. Rf3 Kh8 (26... Qg5 $142) 27. g3 Qg5 {Threatening ...b5.} 28. Qc3 Qg4 29. Bf1 Kg8 30. a3 Ne7 31. Rf4 Qg5 32. h4 Qh5 {With the idea ...Nd5.} 33. Qd2 Qh6 34. Qc2 Nd5 {[#]} 35. Rg4 $1 f5 36. exf6 Bxd6 37. fxg7 ({Don't play} 37. cxd6 $6 Nxf6 38. Bc1 Qh5 $11) 37... Rc8 38. Qa4 Rf7 39. cxd6 Qd2 40. Bd4 h5 $2 (40... Nc3 {keeps fighting.} 41. d7 Rd8) 41. Re4 $18 Nc3 $2 (41... Rd8 42. Qa5 Rc8) 42. d7 Rd8 43. Qa5 Rfxd7 {[#]} 44. Qxh5 $1 {[%mdl 512] White threatens Qh8+ and mate.} Nxe4 45. Qh8+ Kf7 {[#]} 46. g8=Q+ $1 {[%mdl 512]} Rxg8 47. Qh7+ Ke8 48. Qxg8+ Ke7 49. Qh7+ Ke8 50. Qg8+ (50. Qxe4 Qxd4 51. Qxe6+ Re7 $18) 50... Ke7 51. Qh7+ $40 {[%mdl 128] White attacks.} Ke8 52. Qg6+ Ke7 53. Be3 ({Weaker is} 53. Qxe4 Qxd4 54. Qh7+ Kf8 $14) 53... Qd5 54. Bg2 Qd1+ 55. Kh2 Nd2 56. Bc5+ (56. Qg7+ $142 Ke8 57. Qg8+ Ke7 58. Bg5+ Kd6 59. Qb8+ Rc7 60. Qf8+ Re7 61. Bxe7+ Ke5 62. Qf6#) 56... Kd8 57. Qxe6 (57. Qg8+ $142 Kc7 58. Qxe6) 57... Kc8 {[#]} 58. Bxb7+ $1 {[%mdl 512]} Kb8 (58... Kxb7 59. Qxd7+) 59. Qe8+ {Precision: White = 63%, Black = 27%.} 1-0

[Event "25th Abu Dhabi Master 2018"]
[Site "Abu Dhabi"]
[Date "2018.08.07"]
[Round "1"]
[White "Aliyev, Ravan"]
[Black "Cheparinov, Ivan"]
[Result "0-1"]
[WhiteElo "2346"]
[BlackElo "2718"]
[Annotator "TA"]
[PlyCount "66"]
[EventDate "2018.08.05"]
[EventType "swiss"]
[EventCountry "UAE"]
[SourceTitle "playchess.com"]
[Source "ChessBase"]
[SourceQuality "1"]

{[%evp 13,66,-29,-22,-16,0,-8,-23,-18,0,0,0,0,22,-48,-37,-51,-47,-95,-88,-95,-91,-104,-89,-117,-102,-187,-104,-110,-104,-110,-110,-122,-116,-113,-47,-48,-50,-114,-137,-121,-118,-129,-91,-95,-57,-297,-308,-297,-330,-312,-311,-406,-395,-378,-378]} 1. d4 f5 2. c4 Nf6 3. Nc3 d6 4. f3 e5 5. dxe5 dxe5 6. Qxd8+ {A85: Dutch Defence: 2 c4 Nf6 3 Nc3} Kxd8 7. Bg5 c6 {LiveBook: 3 Games} 8. e4 {The position is equal.} Kc7 9. exf5 Bxf5 10. O-O-O Na6 $146 {[%cal Bb8a6,Ba6c5,Bc5e6][%mdl 32]} ({Predecessor:} 10... Bb4 11. Bd3 Be6 12. Nge2 {1-0 (45) Farago,S (2270)-Galyas,M (2424) Budapest 2005}) 11. Bd3 Be6 12. Nh3 Nc5 13. Be2 ({White should try} 13. Nf2 $11) 13... Bxh3 $15 14. gxh3 Ne6 $36 {[%mdl 2048] Black has the initiative.} 15. Be3 Bc5 16. Bxc5 Nxc5 17. Rhg1 g6 18. b4 Ne6 19. c5 {[#]} (19. Rd3 $17 {might work better.}) 19... Rad8 (19... a5 $1 $19 {[%cal Ra5b4]} 20. Rd6 Nd4 21. Rxf6 axb4 22. Rf7+ Kb8) 20. Bc4 $17 Nf4 21. Rge1 Rxd1+ 22. Nxd1 Re8 23. Nf2 b6 (23... N6d5 $17 24. a3 Ng2) 24. cxb6+ $15 axb6 {[%cal Ba7b6,Bb6b5][%mdl 32]} 25. Kb2 (25. b5 $15) 25... b5 $17 26. Bb3 Rd8 27. Kc2 N6d5 28. a3 Ne6 {[#] ...Nd4+ is the strong threat.} 29. Rxe5 $2 (29. Bxd5 $15 cxd5 30. Rxe5) 29... Nd4+ $19 30. Kb2 Nxb3 ({Less strong is} 30... Nxf3 31. Re4 $15) 31. Kxb3 Rf8 32. Ng4 Rxf3+ 33. Kb2 h5 {Precision: White = 51%, Black = 68%.} 0-1

[Event "25th Abu Dhabi Master 2018"]
[Site "Abu Dhabi"]
[Date "2018.08.07"]
[Round "1"]
[White "Padmini, Rout"]
[Black "Fedoseev, Vladimir"]
[Result "0-1"]
[WhiteElo "2338"]
[BlackElo "2152"]
[Annotator "NA"]
[PlyCount "74"]
[EventDate "2018.08.05"]
[EventType "swiss"]
[EventCountry "UAE"]
[SourceTitle "playchess.com"]
[Source "ChessBase"]
[SourceQuality "1"]
[TimeControl "5400+30"]

1. e4 {[%emt 0:00:00]} d6 {[%emt 0:00:24]} 2. d4 {[%emt 0:00:00]} Nf6 {[%emt 0:00:07]} 3. Nc3 {[%emt 0:00:21]} Nc6 {[%emt 0:00:55]} 4. f3 {[%emt 0:04:08]} e5 {[%emt 0:01:59]} 5. d5 {[%emt 0:00:55]} Ne7 {[%emt 0:01:35]} 6. Bc4 {[%emt 0:17:26]} c6 {[%emt 0:05:45]} 7. Bg5 {[%emt 0:07:58]} b5 {[%emt 0:06:42]} 8. Bb3 {[%emt 0:07:01]} b4 {[%emt 0:00:17]} 9. Na4 {[%emt 0:02:38]} cxd5 {[%emt 0:00:40]} 10. exd5 {[%emt 0:00:17]} h6 {[%emt 0:04:45]} 11. Bxf6 {[%emt 0:03:58]} gxf6 {[%emt 0:01:53]} 12. Ne2 {[%emt 0:01:19]} h5 {[%emt 0:04:21]} 13. Qd2 {[%emt 0:07:45]} Rb8 {[%emt 0:00:47]} 14. Bc4 {[%emt 0:01:44]} Bh6 {[%emt 0:02:10]} 15. f4 {[%emt 0:01:17]} Ng6 {[%emt 0:04:34]} 16. g3 {[%emt 0:00:46]} Bg4 {[%emt 0:07:49]} 17. O-O-O {[%emt 0:10:50]} Qa5 {[%emt 0:05:33]} 18. b3 {[%emt 0:01:14]} exf4 {[%emt 0:09:30]} 19. Nxf4 {[%emt 0:01:18]} Bxd1 {[%emt 0:00:12]} 20. Rxd1 {[%emt 0:00:05]} h4 {[%emt 0:01:10]} 21. Kb1 {[%emt 0:00:29]} Ne5 {[%emt 0:00:17]} 22. Nb2 {[%emt 0:03:50]} hxg3 {[%emt 0:01:11]} 23. hxg3 {[%emt 0:00:04]} Bg5 {[%emt 0:00:12]} 24. Qe2 {[%emt 0:00:42]} Kf8 {[%emt 0:00:37]} 25. Nfd3 {[%emt 0:00:39]} Re8 {[%emt 0:01:05]} 26. Nxe5 {[%emt 0:00:15]} Rxe5 {[%emt 0:02:24]} 27. Qg4 {[%emt 0:00:32]} Qb6 {[%emt 0:00:36]} 28. Nd3 {[%emt 0:03:54]} Re7 {[%emt 0:00:52]} 29. Nf4 {[%emt 0:01:50]} Rh2 {[%emt 0:00:44]} 30. Nh3 {[%emt 0:03:02]} Rd2 {[%emt 0:02:00]} 31. Rf1 {[%emt 0:07:46]} Qe3 {[%emt 0:00:14]} 32. Nxg5 {[%emt 0:00:22]} Qxg5 {[%emt 0:02:27]} 33. Qc8+ {[%emt 0:00:25]} Re8 {[%emt 0:00:12]} 34. Qh3 {[%emt 0:03:29]} Kg7 {[%emt 0:07:08]} 35. Bd3 {[%emt 0:02:16]} Rh8 {[%emt 0:01:16]} 36. Qd7 {[%emt 0:00:46]} Rhh2 {[%emt 0:00:37]} 37. Qxd6 {[%emt 0:00:55]} Rhf2 {[%emt 0:00:23]} 0-1

[Event "25th Abu Dhabi Master 2018"]
[Site "Abu Dhabi"]
[Date "2018.08.07"]
[Round "1"]
[White "Zuo, Yifan"]
[Black "Amin, Bassem"]
[Result "0-1"]
[WhiteElo "2334"]
[BlackElo "2684"]
[Annotator "TA"]
[PlyCount "98"]
[EventDate "2018.08.05"]
[EventType "swiss"]
[EventCountry "UAE"]
[SourceTitle "playchess.com"]
[Source "ChessBase"]
[SourceQuality "1"]

{[%evp 27,98,34,33,14,43,0,4,-48,-37,-39,-34,-68,-60,-66,-49,-70,-70,-64,-64,-68,-21,-26,-21,-85,-77,-77,-77,-70,-72,-92,-74,-75,-79,-117,-117,-118,-116,-118,-17,-117,-37,-37,-37,-37,-37,-39,-40,-41,-40,-33,-43,-79,-53,-167,-167,-167,-167,-273,-276,-29972,-29973,-29970,-29968,-29965,-29946,-29945,-29947,-29947,-6602,-2529,-1572,-5393,-2867]} 1. d4 Nf6 2. Nf3 g6 3. c4 Bg7 4. g3 O-O 5. Bg2 d6 6. O-O Nbd7 7. Nc3 e5 8. e4 c6 9. b3 Re8 10. h3 a6 11. Be3 b5 12. dxe5 dxe5 13. Qc2 Bf8 14. Rfd1 Qc7 15. Rac1 $146 {E69: King's Indian: Fianchetto: 6...Nbd7 7 0-0 e5 8 e4 c6 9 h3} ({Predecessor:} 15. Ne2 b4 16. c5 a5 17. Ne1 a4 18. Nd3 Qa5 19. bxa4 Qxa4 20. Qxa4 Rxa4 21. Rdb1 Ba6 22. Nec1 Bb5 23. Rb3 {½-½ (23) Schlosser,P (2500)-Mainka,R (2550) Munich 1993}) 15... Bb7 16. Bg5 b4 17. Nb1 (17. Na4 $11) 17... h6 18. Be3 Nc5 19. Nbd2 Rad8 20. Ne1 a5 21. Nf1 Ne6 22. Rxd8 Rxd8 23. Rd1 Ra8 24. Nd3 c5 25. Nc1 (25. f4 $11 {keeps the balance.}) 25... Nd4 26. Bxd4 cxd4 27. Nd2 h5 {[%cal Bh6h5,Bh5h4][%mdl 32]} 28. Nd3 Bh6 29. Re1 h4 30. g4 Re8 31. Qd1 Bc6 32. Re2 Qb7 ({Black should play} 32... Qe7 $17 33. Nf3 Nd7) 33. Qe1 (33. Nf3 $11) 33... Qa8 (33... Qe7 $17 34. Nf3 Nd7) 34. g5 $1 $15 {[%cal Rg5h6]} Bxg5 35. Nf3 Bf4 $36 {[%mdl 2048] White is under pressure.} ({Much weaker is} 35... Nxe4 $6 36. Nfxe5 f5 37. Nxc6 $16) 36. Nxf4 exf4 37. Nxd4 Bxe4 38. Bxe4 Rxe4 39. Rxe4 Nxe4 40. f3 (40. Nf3 $15) 40... Ng3 $1 $19 41. Kg2 {[#]} a4 $1 42. Qd2 (42. Qb1 $142) 42... axb3 43. axb3 $2 (43. Nxb3 $19 Nf5 44. Qxb4) 43... Qa1 44. Qd3 Qh1+ 45. Kf2 Qxh3 46. c5 Qh2+ 47. Ke1 Qg1+ (47... h3 $142 48. Ne6 Qg1+ 49. Kd2 {[#]} Qe3+ $1 {[%mdl 512]} 50. Qxe3 fxe3+ 51. Kxe3 h2 52. Kf2 fxe6 53. f4 h1=Q 54. Kxg3 Qg1+ 55. Kh3 Qxc5 56. Kg4 Qe3 57. Kh4 Qf3 58. f5 gxf5 59. Kg5 Kg7 60. Kh4 Qg4#) 48. Kd2 Qf2+ 49. Kd1 h3 {Precision: White = 41%, Black = 64%.} 0-1

[Event "25th Abu Dhabi Master 2018"]
[Site "Abu Dhabi"]
[Date "2018.08.07"]
[Round "1"]
[White "Koustav, Chatterjee"]
[Black "Sjugirov, Sanan"]
[Result "1/2-1/2"]
[WhiteElo "2325"]
[BlackElo "2677"]
[Annotator "TA RC"]
[PlyCount "86"]
[EventDate "2018.08.05"]
[EventType "swiss"]
[EventCountry "UAE"]
[SourceTitle "playchess.com"]
[Source "ChessBase"]
[SourceQuality "1"]

{[%evp 21,86,-21,-22,-45,-37,-24,-16,-18,-17,-39,0,-14,0,-25,-4,-20,0,0,0,0,11,11,39,0,43,48,50,50,53,36,79,72,72,72,66,72,79,56,65,47,67,39,43,0,74,0,53,-374,-397,-475,-450,-646,-489,-29990,-346,-2164,-47,-1269,-1237,-1040,0,-787,-7,-2518,232,200,385]} 1. Nf3 b6 2. c4 Bb7 3. Nc3 e6 4. d4 Bb4 5. e3 Nf6 6. Bd2 O-O 7. Bd3 d5 8. cxd5 exd5 9. O-O Bd6 10. Rc1 a6 11. a3 {[%cal Ba2a3,Ba3a4,Ba4a5][%mdl 32] E52: Nimzo-Indian: Rubinstein: 4...0-0 5 Nf3 d5 6 Bd3 b6} (11. Ne5 c5 12. f4 Nc6 13. Ne2 Ne7 14. Be1 Ne4 15. Ng3 cxd4 16. exd4 b5 17. Kh1 f6 18. Ng4 Qd7 {0-1 (38) Duda,J (2717)-Zhigalko,S (2641) Katowice 2017}) 11... Nbd7 {LiveBook: 3 Games} 12. Ne2 Ne4 13. Be1 $146 {Black is slightly better.} ({Predecessor:} 13. Ng3 f5 14. Qb3 Kh8 15. Bb4 c5 16. dxc5 bxc5 17. Be1 Rb8 18. Qc2 {½-½ (58) Takac,Z (2094)-Brinck Claussen,B (2286) Pula 2012}) 13... Re8 14. b4 Qe7 15. Qb3 g6 16. a4 Ndf6 17. Bb1 Rab8 18. Nf4 c6 19. Nd3 Nd7 {[%cal Bf6d7,Bd7e5,Be5c4][%mdl 32]} 20. Qa2 Bc7 21. a5 b5 22. Nc5 Nexc5 23. dxc5 Ne5 {aiming for ...Nxf3+.} 24. Nd4 Rbd8 25. h3 Bb8 26. Bc3 Qc7 27. Rfe1 Nc4 {Strongly threatening ...Qh2+.} 28. Nf3 Re6 29. Rcd1 Rde8 30. Qa1 Bc8 31. Bd4 Qe7 32. Bc3 Qc7 $1 33. Bd4 (33. Bf6 $16) 33... f6 (33... Qe7 $1 $11) 34. Bxf6 $2 {[%mdl 8192]} (34. Bc2 $14 {keeps the upper hand.}) 34... Rf8 $19 35. Bd4 Re7 36. e4 {[#]} ({And not} 36. Bf6 Ref7 $19) (36. Bd3 $142 Bxh3 37. Be2) 36... Rxf3 $1 {[%mdl 512]} 37. gxf3 (37. e5 $19 Ra3 38. Ba2) 37... Qh2+ (37... Qf4 $142 38. h4 Bh3 39. e5 Qxf3 40. Be4 dxe4 41. Kh2 Qg2#) 38. Kf1 {next Ke2 is good for White.} Qf4 $2 (38... Qxh3+ $19 39. Ke2 dxe4 40. Bxe4 Rxe4+ $1 {[%mdl 512]} 41. Be3 Rxe3+ $1 {[%mdl 512]} 42. fxe3 Qg2+ 43. Kd3 Be5 44. Qxe5 Nxe5+ 45. Kc3 Qa2 46. Rd8+ Kg7) 39. Qc3 $2 {[%mdl 8192]} (39. Ke2 $15) 39... Bxh3+ 40. Ke2 Bg2 $2 ({Black should try} 40... dxe4 $19 41. Rc1 Bf5) 41. Ba2 $2 {[%mdl 8192] [#]} (41. Rg1 $11 dxe4 42. fxe4 Rxe4+ 43. Bxe4 Qxe4+ 44. Be3 Bf3+ 45. Ke1 Bxd1 46. Kxd1) 41... Rf7 $2 ({Black should play} 41... Rxe4+ $1 $19 {[%mdl 512]} 42. Kd3 (42. fxe4 Qxe4+) 42... Qxf3+ 43. Kc2 Re2+ 44. Kb1 Qxc3 45. Bxc3 Na3+ 46. Ka1 Nc2+ 47. Kb2 Nxe1+ 48. Rd2 Rxd2+ 49. Bxd2 Nd3+ 50. Kb3 h5) 42. exd5 $2 {[%mdl 8192]} (42. Rd3 $11) 42... cxd5 $4 {[%mdl 8192]} (42... Re7+ $19 {avoids the disaster.} 43. Kd3 Qf5+ 44. Re4 Rxe4) 43. Rd3 $18 Kf8 $2 {[%mdl 32768] Precision: White = 36%, Black = 29%. . An unexpected result.} (43... h5) 1/2-1/2